Análisis del discurso; hacia una semiótica de la interacción textual/
Guardado en:
| Autor Principal: | |
|---|---|
| Otros Autores: | |
| Formato: | Libro |
| Publicado: |
España :
C tedra,
1989
|
| Edición: | 3a. ed. |
| Series: | Crítica y estudios literarios
|
| Materias: | |
| Etiquetas: |
Agregar Etiqueta
Sin Etiquetas, Sea el primero en etiquetar este registro!
|
| LEADER | 00841nam a22002175a 4500 | ||
|---|---|---|---|
| 001 | CEM.cems003935 | ||
| 005 | 19000101000000.0 | ||
| 008 | 130507s1989##################000#0#####d | ||
| 003 | CEMS | ||
| 082 | 0 | 4 | |a 400 |
| 100 | 1 | |a Lozano, Jorge | |
| 245 | 1 | 0 | |a Análisis del discurso; hacia una semiótica de la interacción textual/ |
| 250 | |a 3a. ed. | ||
| 260 | |a España : |b C tedra, |c 1989 | ||
| 300 | |a 253 p. | ||
| 490 | 0 | |a Crítica y estudios literarios | |
| 505 | 0 | |a 1. El texto. 2. Cualificaciones y transformaciones modales. 3. Sujeto, espacio y tiempo en el discurso. 4. La acci¢n discursiva. 5. Hacia una semi¢tica de la interacci¢n discursiva | |
| 653 | |a Discurso | ||
| 700 | 1 | |a Peña Marin, Cristina | |
| 859 | |a CEMS |b BIB. CEMS - 11 de abril |h 400 |i L959a3 |p 16501.92 |t Ej.1 | ||
| 859 | |a CEMS |b BIB. CEMS - 11 de abril |h 400 |i L959a3 |p 16502.92 |t Ej.2 | ||
